000
00330nam a22001457a 4500
008
221216b ||||| |||| 00| 0 eng d
020
_a
97880781727044
041
_a
eng
080
_2
THIRD EDITION
_a
617
082
_a
617STE
100
_a
12
101
_a
GENE
245
_a
OB-GYN&GENETICS WORDS
_c
STEDMAN'S
942
_2
udc
_c
BK
999
_c
59203
_d
59203